<?xml version="1.0" encoding="UTF-8"?><collection xmlns="info:lc/xmlns/marcxchange-v2"><record format="Unimarc" type="bibliographic"><leader>00624cam  2200205   450 </leader><controlfield tag="001">1687622</controlfield><controlfield tag="003">http://id.bnportugal.gov.pt/bib/porbase/1687622</controlfield><controlfield tag="005">20030627172800.0</controlfield><datafield ind1=" " ind2=" " tag="010"><subfield code="a">0-521-40179-8</subfield></datafield><datafield ind1=" " ind2=" " tag="035"><subfield code="9">56504</subfield></datafield><datafield ind1=" " ind2=" " tag="095"><subfield code="a">PTBN00970896</subfield></datafield><datafield ind1=" " ind2=" " tag="100"><subfield code="a">19970709e19961995k  y0pory0103    ba</subfield></datafield><datafield ind1="0" ind2=" " tag="101"><subfield code="a">eng</subfield></datafield><datafield ind1=" " ind2=" " tag="102"><subfield code="a">US</subfield></datafield><datafield ind1="1" ind2=" " tag="200"><subfield code="a">&lt;The &gt;Cambridge encyclopedia of the english language</subfield><subfield code="f">David Crystal</subfield></datafield><datafield ind1=" " ind2=" " tag="210"><subfield code="a">New York</subfield><subfield code="c">Cambridge University Press</subfield><subfield code="d">[rep. 1996]</subfield></datafield><datafield ind1=" " ind2=" " tag="215"><subfield code="a">VII, 489 p.</subfield><subfield code="c">il.</subfield><subfield code="d">29 cm</subfield></datafield><datafield ind1=" " ind2=" " tag="675"><subfield code="a">802.0</subfield><subfield code="v">BN</subfield><subfield code="z">por</subfield><subfield code="3">288116</subfield></datafield><datafield ind1=" " ind2="1" tag="700"><subfield code="a">Crystal</subfield><subfield code="b">David</subfield><subfield code="f">1941-</subfield><subfield code="3">48459</subfield></datafield><datafield ind1=" " ind2="0" tag="801"><subfield code="a">PT</subfield><subfield code="b">BN</subfield><subfield code="g">RPC</subfield></datafield><datafield ind1=" " ind2=" " tag="977"><subfield code="1">80(03)C967ca</subfield><subfield code="2">coop</subfield><subfield code="4">UPLE</subfield><subfield code="6">efalt262029</subfield><subfield code="7">bc</subfield><subfield code="8">coop</subfield><subfield code="9">UPLE</subfield><subfield code="b">49832</subfield><subfield code="k">0</subfield></datafield><datafield ind1=" " ind2=" " tag="998"><subfield code="a">PLE62-4636</subfield></datafield></record></collection>